Developing and managing embedded systems and products : (Record no. 20500)
[ view plain ]
| 000 -LEADER | |
|---|---|
| fixed length control field | 01072cam a22002895a 4500 |
| 001 - CONTROL NUMBER | |
| control field | 12290984 |
| 005 - DATE AND TIME OF LATEST TRANSACTION | |
| control field | 20160103154812.0 |
| 008 - FIXED-LENGTH DATA ELEMENTS--GENERAL INFORMATION | |
| fixed length control field | 141015t2015 enka frb 001 0 eng d |
| 020 ## - INTERNATIONAL STANDARD BOOK NUMBER | |
| International Standard Book Number | 0124058795 |
| 020 ## - INTERNATIONAL STANDARD BOOK NUMBER | |
| Cancelled/invalid ISBN | 9780124058798 |
| 040 ## - CATALOGING SOURCE | |
| Original cataloging agency | UMI |
| Language of cataloging | eng |
| Transcribing agency | UMI |
| Modifying agency | EG-ScBUE |
| 082 04 - DEWEY DECIMAL CLASSIFICATION NUMBER | |
| Edition number | 22 |
| Classification number | 006.22 |
| Item number | DEV |
| 245 00 - TITLE STATEMENT | |
| Title | Developing and managing embedded systems and products : |
| Remainder of title | methods, techniques, tools, processes, and teamwork / |
| Statement of responsibility, etc | [editors] Kim R. Fowler, Craig L. Silver. |
| 260 ## - PUBLICATION, DISTRIBUTION, ETC. (IMPRINT) | |
| Place of publication, distribution, etc | Oxford ; |
| -- | Waltham : |
| Name of publisher, distributor, etc | Newnes / Elsevier, |
| Date of publication, distribution, etc | c.2015. |
| 300 ## - PHYSICAL DESCRIPTION | |
| Extent | xlv, 815 p. : |
| Other physical details | ill. ; |
| Dimensions | 25 cm. |
| 490 0# - SERIES STATEMENT | |
| Series statement | Expert guide |
| 500 ## - GENERAL NOTE | |
| General note | Index : p. 801-815. |
| 504 ## - BIBLIOGRAPHY, ETC. NOTE | |
| Bibliography, etc | Includes bibliographical references. |
| 650 #7 - SUBJECT ADDED ENTRY--TOPICAL TERM | |
| Topical term or geographic name as entry element | Embedded computer systems. |
| Source of heading or term | BUEsh |
| 9 (RLIN) | 23377 |
| 650 #7 - SUBJECT ADDED ENTRY--TOPICAL TERM | |
| Topical term or geographic name as entry element | Project management. |
| Source of heading or term | BUEsh |
| 9 (RLIN) | 11664 |
| 650 #0 - SUBJECT ADDED ENTRY--TOPICAL TERM | |
| Topical term or geographic name as entry element | Risk assessment |
| Source of heading or term | BUEsh |
| 650 #0 - SUBJECT ADDED ENTRY--TOPICAL TERM | |
| Topical term or geographic name as entry element | Embedded computer systems |
| General subdivision | Design and construction |
| Source of heading or term | BUEsh |
| 653 ## - INDEX TERM--UNCONTROLLED | |
| Resource For college | Informatics and Computer Science |
| Arrived date list | August2015 |
| -- | January2016 |
| 700 1# - ADDED ENTRY--PERSONAL NAME | |
| Personal name | Silver, Craig L., |
| Relator term | editor. |
| 700 1# - ADDED ENTRY--PERSONAL NAME | |
| Personal name | Fowler, Kim R., |
| Relator term | editor. |
| 942 ## - ADDED ENTRY ELEMENTS (KOHA) | |
| Source of classification or shelving scheme | Dewey Decimal Classification |
| Call number prefix | 006.22 DEV |
| Withdrawn status | Lost status | Source of classification or shelving scheme | Damaged status | Not for loan | Koha collection | Home library | Current library | Shelving location | Date acquired | Source of acquisition | Cost, normal purchase price | Serial Enumeration / chronology | Total Checkouts | Full call number | Barcode | Date last seen | Cost, replacement price | Koha item type |
|---|---|---|---|---|---|---|---|---|---|---|---|---|---|---|---|---|---|---|
| Dewey Decimal Classification | Baccah | Central Library | Central Library | Lower Floor | 12/08/2015 | Purchase | 720.00 | 21759 | 006.22 DEV | 000030784 | 15/07/2025 | 900.00 | Book - Borrowing |